00626 2200193 4500245004300000020002200043250001100065100001300076700002500089700002300114650001700137005001900154260003600173041001400209084001100223300002900234500016000263336000900423 aHigh School Love StorycHaula S.hText a978-602-430-313-6 aCet. 1 aHaula S. aHutami Suryaningtyas aDila Maretihaqsari aNovel Remaja a20230929111037 aYogyakartabBentang Beliac2018 aIndonesia a808.83 avi, 310 hlm. :c20.8 cm. aTiap hari tanpa perang mulut antara Sania dan Devan.Bagi Sania,Devan itu superusil dan nyebelin.Bagi Devan,Sania itu sasaran empuk buat dijailin tiap hari. atext